Enseñanza de la matemática: entre el discurso y la práctica

Сохранить в:
Библиографические подробности
Главный автор: Kopitowski, Ada (Автор)
Формат:
Язык:испанский
Опубликовано: Buenos Aires Aique 1999
Редактирование:1a. ed
Серии:Didáctica
Предметы:
Метки: Добавить метку
Нет меток, Требуется 1-ая метка записи!

MARC

LEADER 00000nam a2200000 a 4500
001 UCK7344
003 CL-VaPUC
008 051118e19990000AG |||||||||||||||||spa|d
020 |a 9507015353 
082 0 4 |a 372.7  |b KOP  |2 21 
100 0 |a Kopitowski, Ada  |e author  |9 496863 
245 1 0 |a Enseñanza de la matemática: entre el discurso y la práctica 
250 |a 1a. ed 
300 |a 107 p 
942 |c BK 
945 |d 20051118 00:00:00  |a cmena 
260 |a Buenos Aires  |b Aique  |c 1999 
650 0 |a Matemáticas  |x Enseñanza  |9 875527 
650 0 |a Educación básica   |9 224933 
650 0 |a Métodos de enseñanza  |9 270413 
650 0 |a Planificación del currículo  |9 269599 
583 |a last modification  |c 20051118 00:00:00  |k Rodrigo Vera 
490 0 |a Didáctica 
999 |c 315329  |d 315327 
952 |0 0  |1 0  |4 0  |6 372_700000000000000_KOP_1999  |7 0  |8 A  |9 388433  |a BIBEDU  |b BIBEDU  |d 2019-11-22  |i 4182855  |o 372.7 KOP 1999  |p 4182855  |r 2019-11-22  |w 2019-11-22  |y BK  |k EBA